000 00673 a2200265 4500
260 _aParis
630 _a91 - Geographie. Exploration de la terre, des diverses regions, des divers pays. Voyages. Geographie regionale
650 _a9 - GEOGRAPHIE ET HISTOIRE
100 _aTermier, H.
700 _aTermier, G.
440 _n18
260 _bMasson
245 _aLa Trame géologique de l'histoire humaine
300 _a186 p.
650 _aGéologie
650 _aSéisme
650 _aHumanité
260 _c1961
300 _b22 cm
100 _lFr
037 _a14948
440 _aCollection Evolution des sciences
999 _c35540
_d35540